00449 2200181 4500001002100000005001500021008004100036020001900077035001900096041000600115082001000121090001400131100002100145245002700166260003400193300001900227650002100246INLIS00000000000629320241224113250241224||||||||| | ||| |||| ||  a602-317-265--2 0010-1224006293 a00 a634,6 a634.6 TEK0 atim agro mandiri00ateknik budidaya sirsak aSurakartabVisi Mandiric2017 a84 hlm:20,7 cm 0a,teknik budidaya